Testi antichi romanzi

Bewaard in:
Bibliografische gegevens
Hoofdauteur: Ruggieri, Ruggero M (Auteur)
Formaat: Boek
Taal:Italiaans
Gepubliceerd in: Módena Societá Tipografica Modenese 1949
Reeks:Collezione di Testi e Manuali
Onderwerpen:
Tags: Voeg label toe
Geen labels, Wees de eerste die dit record labelt!

MARC

LEADER 00000nam a2200000 a 4500
001 UCZ1769
003 CL-VaPUC
008 950907e19490000IT |||||||||||||||||ita|d
082 0 4 |a 851  |b RUG  |2 21 
100 0 |a Ruggieri, Ruggero M  |e author  |9 345401 
245 1 0 |a Testi antichi romanzi 
300 |a v 
942 |c BK 
945 |d 19950907 00:00:00  |a rbrito 
260 |a Módena  |b Societá Tipografica Modenese  |c 1949 
500 |a v.1: Facsimili 
500 |a v.2: Trascrizioni 
650 0 |a Poesías italianas  |9 265352 
583 |a last modification  |c 19950907 00:00:00  |k Rodrigo Vera 
490 0 |a Collezione di Testi e Manuali 
999 |c 238472  |d 238470 
952 |0 0  |1 0  |4 0  |6 851_000000000000000_RUG_1949  |7 0  |8 A  |9 248668  |a BIBEDU  |b BIBEDU  |d 2019-11-18  |h v.2  |i 3120171  |o 851 RUG 1949  |p 3120171  |r 2019-11-18  |w 2019-11-18  |y BK  |k LIT 
952 |0 0  |1 0  |4 0  |6 851_000000000000000_RUG_1949  |7 0  |8 A  |9 248669  |a BIBEDU  |b BIBEDU  |d 2019-11-18  |h v.1  |i 3117545  |o 851 RUG 1949  |p 3117545  |r 2019-11-18  |w 2019-11-18  |y BK  |k LIT